Participación en las utilidades: aspectos claves para su correcta aplicación (Registro nro. 21347)
[ vista simple ]
| 000 -Cabecera | |
|---|---|
| Campo de control interno | 01356nam a2200193 4500 |
| 001 - Número de control | |
| control field | ESSALUD |
| 007 - Tipo material - Descripcion fisica - info general | |
| Tipo material - Descripcion fisica - info general | ta |
| 008 - Elementos de Longitud Fija - Información General | |
| Elementos de Longitud Fija - Información | t2025 pe ||||| |||| 00| 0 spa d |
| 040 ## - Origen de la Catalogación | |
| Origen de la Catalogación | BMG |
| 041 ## - Idioma | |
| Idioma | spa |
| 100 ## - Autor | |
| Autor | Valderrama Valderrama, Luis Ricardo |
| Rol del Autor | autor |
| 9 (RLIN) | 49171 |
| 245 ## - Titulo | |
| Titulo | Participación en las utilidades: aspectos claves para su correcta aplicación |
| 300 ## - Páginas | |
| Paginación | páginas 94-108 |
| 520 ## - Resumen | |
| Resumen | Según el número de trabajadores que tengan, los empleadores están obligados a distribuir las utilidades generadas por la empresa en el ejercicio anterior. Dado que esta obligación deberá cumplirse próximamente, el presente informe resume los principales aspectos a considerar para garantizar el pago correcto de las utilidades en el año 2025, evitando así contingencias derivadas de cálculos erróneos o incumplimientos normativos. En este sentido, se detallará en qué casos las empresas están sujetas a la distribución de utilidades y las infracciones aplicables en caso de incumplimiento. |
| 650 ## - Temas - Descriptores | |
| Temas - Descriptores | LEGISLACIÓN LABORAL |
| 9 (RLIN) | 43561 |
| 653 ## - Palabras claves | |
| Palabras claves | PARTICIPACIÓN DE LOS TRABAJADORES |
| 773 0# - Revista (Relacion con el numero) | |
| Host Biblionumber | 19944 |
| Host Itemnumber | 21910 |
| Ciudad, Editorial | Lima Gaceta Jurídica Editores, 2007- |
| Codigo barras item/ejemplar | SOL014 |
| Titulo de la Revista | Soluciones laborales : sistema integral de información para abogados, jefes de recursos humanos, administradores y gerentes |
| Número de control de registro | ESSALUD |
| ISSN | 1996-3076 |
| 942 ## - Elementos de Koha | |
| Tipo de Documento | Artículos |
| Fecha procesamiento | 2025-04-28 |
| Catalogador | AFC |
No hay ítems disponibles.